| Tag |
First Indicator |
Second Indicator |
Subfields |
| LEADER |
00000cam a22000001 4500 |
| 001 |
in00000015354 |
| 005 |
20151007053036.0 |
| 008 |
761109s1916 gw 00010 ger |
| 010 |
|
|
|a 20022686
|
| 035 |
|
|
|a (OCoLC)02539411
|
| 035 |
|
|
|9 AAB0170AM
|
| 040 |
|
|
|a DLC
|c YUS
|d m/c
|d TXA
|d UtOrBLW
|
| 041 |
0 |
|
|a ger
|a akk
|
| 049 |
|
|
|a TXAM
|d [
|v =t.]
|v 1 [A11068026]
|v 2 [A11068076]
|v 3 [A11068123]
|
| 050 |
0 |
0 |
|a PJ3837.A6
|b S8
|
| 100 |
1 |
|
|a Streck, Maximilian.
|
| 245 |
1 |
0 |
|a Assurbanipal und die letzten assyrischen könige bis zum untergange Niniveh's /
|c bearb. von Maximilian Streck.
|
| 264 |
|
1 |
|a Leipzig :
|b J. C. Hinrichs,
|c 1916.
|
| 300 |
|
|
|a 3 volumes ;
|c 23 cm.
|
| 336 |
|
|
|a text
|b txt
|2 rdacontent
|
| 337 |
|
|
|a unmediated
|b n
|2 rdamedia
|
| 338 |
|
|
|a volume
|b nc
|2 rdacarrier
|
| 490 |
1 |
|
|a Vorderasiatische bibliothek ;
|v [7. stück]
|
| 500 |
|
|
|a Paged continuously.
|
| 500 |
|
|
|a Texts in Roman characters.
|
| 500 |
|
|
|a "Der Druck begann schon im Herbst 1908, musste aber ... für längere oder kürzere Zeit unterbrochen werden."--p. vii.
|
| 505 |
0 |
|
|a 1. t. Einleitung; Das urkundliche Material, Chronologie und Geschichte.--2. t. Texte; Die Inschriften Assurbanipals und der letzten assyrischen Könige.--3. t. Register; Glossar, Verzeichnis der eigennamen, schlussnachträge und kleinere Berichtigungen.
|
| 651 |
|
0 |
|a Assyria
|x History.
|
| 650 |
|
0 |
|a Cuneiform inscriptions, Akkadian.
|
| 650 |
|
0 |
|a Names, Akkadian.
|
| 700 |
0 |
|
|a Ashurbanipal,
|c King of Assyria,
|d active 668 B.C.-627 B.C.
|
| 830 |
|
0 |
|a Vorderasiatische bibliothek ;
|v [7. stück].
|
| 999 |
|
|
|a MARS
|
| 999 |
f |
f |
|s 376de173-0384-37f4-be5f-4f02743c759d
|i ebd1700a-ce9a-3a13-80df-261630d08611
|t 0
|
| 952 |
f |
f |
|p ric
|a Texas A&M University
|b Rellis Campus
|c Joint Library Facility
|s JLF
|d Remote Storage
|t 0
|e PJ3837.A6 S8
|h Library of Congress classification
|i unmediated -- volume
|k t.1
|m A14811068026
|
| 952 |
f |
f |
|p ric
|a Texas A&M University
|b Rellis Campus
|c Joint Library Facility
|s JLF
|d Remote Storage
|t 0
|e PJ3837.A6 S8
|h Library of Congress classification
|i unmediated -- volume
|k t.2
|m A14811068076
|
| 952 |
f |
f |
|p ric
|a Texas A&M University
|b Rellis Campus
|c Joint Library Facility
|s JLF
|d Remote Storage
|t 0
|e PJ3837.A6 S8
|h Library of Congress classification
|i unmediated -- volume
|k t.3
|m A14811068123
|
| 998 |
f |
f |
|a PJ3837.A6 S8
|s t.1-t.3
|t 0
|l Remote Storage
|